000 00732nam a2200241 a 4500
001 67720
003 BD-RjUL
005 20211209081703.0
008 170328s1969 nyua 001 0 eng
035 _a(BD-RjUL)67929
040 _aDLC
_cDLC
_dDLC
_dICU
_dBD-RjUL
_beng
041 _aeng
082 0 0 _a540
_223
_bKAC 1969
100 1 _aKask, Uno,
_d1922-
_9200763
245 1 0 _aChemistry :
_bstructure and changes of matter /
_cUno Kask
260 _aNew York :
_bBarnes & Noble,
_c1969
300 _axvi, 608 p. :
_bill. ;
_c24 cm.
350 _a5.95
650 0 _aChemistry.
_9200765
856 _3Barnes & Noble international textbook series
942 _2ddc
_cBK
999 _c67720
_d67720